AU LIBRARIES
Centralized Library System Across Seven Campuses

Essentials of Corporate Finance (Record no. 47379)

MARC details
000 -LEADER
fixed length control field 00480nam a2200181Ia 4500
005 - DATE AND TIME OF LATEST TRANSACTION
control field 20260423105945.0
008 - FIXED-LENGTH DATA ELEMENTS--GENERAL INFORMATION
fixed length control field 260423s9999 xx 000 0 und d
020 ## - INTERNATIONAL STANDARD BOOK NUMBER
ISBN 978-1-259-27721-4
082 ## - DEWEY DECIMAL CLASSIFICATION NUMBER
Classification number 658.15
Author Mark ROS-E
100 ## - MAIN ENTRY--AUTHOR
Author Name Ross, Stephen A.
245 #0 - TITLE STATEMENT
Title Essentials of Corporate Finance
250 ## - EDITION STATEMENT
Edition statement 9th Ed
260 ## - PUBLICATION, DISTRIBUTION, ETC.
Place of Publication New York, NY
Name of publisher, distributor, etc. McGraw-Hill/Irwin
Date of publication, distribution, etc. 2015
300 ## - PHYSICAL DESCRIPTION
Pages 683 p.
500 ## - GENERAL NOTE
General note Includes Subject Index.
650 ## - SUBJECT ADDED ENTRY--TOPICAL TERM
Subject / Department Management Sciences
942 ## - ADDED ENTRY ELEMENTS (KOHA)
Koha item type Book
Holdings
Withdrawn status Lost status Damaged status Not for loan Collection code Permanent Location Current Location Shelving Location Date acquired Source of acquisition Price Inventory number Total Checkouts Full Call Number Accession No./Barcode Date last seen Koha item type
        Management Science Air University Kharian Campus Library Air University Kharian Campus Library Management Science 04/09/2026 Ali Book Services 3796.00 KA/10221   658.15 ROS-E AUKHP0604 04/23/2026 Book
Air University Sector E-9, Islamabad Pakistan
Email: librarian@au.edu.pk  Tel : +0092 51 9262612 Ext: 631